000 00538nam a2200181Ia 4500
003 OSt
005 20230216151156.0
008 211109s9999||||xx |||||||||||||| ||und||
040 _cSBCL
082 _a894.812 4
_bPAV-S
100 _aPavanan,
245 0 _aSovietnaattil Khrusovinusesham
260 _bsahithya pravarthaka co-operative society
_akottayam
_c1965
300 _a184p.
630 _xGeneral Stack
650 _aLiterature & rhetoric
_xLiteratures of other languages
_2Altaic, Uralic, Hyperborean & Dravidian
942 _cBOOK
999 _c27489
_d27489